Building Sights awards launched (Record no. 70584)
[ view plain ]
| 000 -LEADER | |
|---|---|
| fixed length control field | 00989cam a2200193 4500 |
| 001 - CONTROL NUMBER | |
| control field | WB3823-05 |
| 008 - FIXED-LENGTH DATA ELEMENTS--GENERAL INFORMATION | |
| fixed length control field | 020626n2002 000 0 eng u |
| 035 ## - SYSTEM CONTROL NUMBER | |
| System control number | (Sirsi) u118539 |
| 245 ## - TITLE STATEMENT | |
| Title | Building Sights awards launched |
| 260 ## - PUBLICATION, DISTRIBUTION, ETC. | |
| Date of publication, distribution, etc. | 2002 |
| 490 ## - SERIES STATEMENT | |
| Series statement | CABE Press Release |
| Volume/sequential designation | 21 June 2002, (3) |
| 520 ## - SUMMARY, ETC. | |
| Summary, etc. | Janet Street Porter has launched the Building Sights Award for the best public access to a building site. The competition is jointly supported by the Arts Council of England and CABE. Open to any building, private or public, which has engaged the public, physically or virtually, in the construction site, nominations need to be made to CABE by 13 September. Application forms can be downloaded from www.buildingsights.org.uk. http://www.cabe.org.uk/+BnLcI4XSRr=7WeJ1eKvMlg/news/press/press_release.html?press_release_id=127 |
| 590 ## - LOCAL NOTE (RLIN) | |
| Local note | WB |
| 650 ## - SUBJECT ADDED ENTRY--TOPICAL TERM | |
| Topical term or geographic name entry element | BUILDING SITES |
| 650 ## - SUBJECT ADDED ENTRY--TOPICAL TERM | |
| Topical term or geographic name entry element | PUBLIC ACCESS |
| 650 ## - SUBJECT ADDED ENTRY--TOPICAL TERM | |
| Topical term or geographic name entry element | COMPETITIONS |
| 690 ## - LOCAL SUBJECT ADDED ENTRY--TOPICAL TERM (OCLC, RLIN) | |
| Topical term or geographic name as entry element | BUILT ENVIRONMENT |
| 942 ## - ADDED ENTRY ELEMENTS (KOHA) | |
| Suppress in OPAC | 0 |
| Withdrawn status | Lost status | Source of classification or shelving scheme | Damaged status | Not for loan | Home library | Current library | Shelving location | Date acquired | Total Checkouts | Full call number | Barcode | Date last seen | Copy number | Price effective from | Koha item type |
|---|---|---|---|---|---|---|---|---|---|---|---|---|---|---|---|
| Dewey Decimal Classification | London | London | News article | 26/06/2002 | WB3823-05 | 118539-1001 | 06/08/2019 | 1 | 06/08/2019 | News article |